Services structural statistics - national methodologies

Na minha lista:
Detalhes bibliográficos
Formato: Livro
Idioma:inglês
Publicado em: Luxembourg Office for Official Publications of the European Communities 1999
Colecção:Theme 4: Industry, trade and services
Assuntos:
Tags: Adicionar Tag
Sem tags, seja o primeiro a adicionar uma tag!

MARC

LEADER 00000nlm a2200000 4500
001 c123763
005 20220628120331.9
020 |a 92-828-6413-8 
041 0 |a eng 
044 |a LU 
245 1 0 |a Services structural statistics - national methodologies 
264 1 |a Luxembourg  |b Office for Official Publications of the European Communities  |c 1999 
300 |a CD-ROM 
490 1 |a Theme 4: Industry, trade and services 
830 0 |a Theme 4: Industry, trade and services 
500 |a CA 20-98-187-EN-Z 
610 2 0 |a služby 
610 2 0 |a metodológia 
610 2 0 |a Európa 
610 2 0 |a Európska únia 
610 2 0 |a Európske spoločenstvá